Les films se déroulant dans un avion - Statistiques

Statistiques générales
  • Ce quiz a été pris 153 fois
  • Le résultat moyen est 4 sur 20
Statistiques - réponses
Année Film % Correct
1986 Top {gun}
80%
1980 Y a-t-il {un pilote dans l'} avion
64%
2011 Low {cost}
55%
2006 Des {serpents} dans l'avion
43%
1997 Air {force one}
34%
2005 Les {chevaliers du} ciel
34%
1997 Les ailes {de l'enfer}
25%
2004 A {Aviator}
11%
1974 747 {en péril}
7%
1965 Ces merveilleux {fous volants dans leurs drôles de machines}
7%
2006 Vol {93}
7%
1977 Les naufragés {du 747}
6%
1993 Les S {Survivants}
4%
2010 Turbulences {en plein vol}
2%
2012 Air {collision}
1%
2011 L'A {Assaut}
1%
1980 {L'équipage du} 747
1%
2011 Panic {button}
1%
2007 Vol 732 : {Terreur en plein ciel}
1%
2013 A {Airborne}
0%
Aucun quiz correspondant
Distribution des résultats
% des personnes avec chaque résultat
Percentile par nombre de réponses
Votre historique - résultats
Vous n’avez pas pris ce quiz